Responses for Show #4261 - Monday, February 24, 2003

Travis Troyer game 5.

Contestants

[<< previous game]

Rhonda Sherman, a director of human resources from Atlanta, Georgia

Lew Insler, an attorney from Cortlandt Manor, New York

Travis Troyer, a software engineer from Hereford, Maryland (whose 4-day cash winnings total $63,100)

[next game >>]

Jeopardy! Round responses

STATE CAPITALS
SHOPPING OFF THE TV
NOT REALLY MARRIED
AL GORE RHYTHMS
HERE BE DRAGONS
ENDS IN "ND"
    $200 7
Austin

Travis
    $200 12
George Foreman

Travis
    $200 17
Shania & Mark Twain

Travis
    $200 22
Tennessee

Rhonda
    $200 6
(Lew: What is North America?)

Asia

TravisLew
    $200 1
pound

Rhonda
    $400 8
Baton Rouge

Travis
    $400 13
your telephone number

Travis
    $400 18
Pamela Anderson & Robert E. Lee

Travis
    $400 23
U.S. Senator

Travis
    $400 27
gold

Triple Stumper
    $400 2
gland

Travis
    $2,000 9
Salt Lake City

Travis
    $600 14
vacuum cleaner

Rhonda
    $600 19
Isaac & Helen Hayes

Triple Stumper
    $600 24
Tipper

Travis
    $600 28
Saint George

Lew
    $600 3
shorthand

Lew
    $800 10
Phoenix

Travis
    $800 15
onions

Travis
    $800 20
Shirley & John Wilkes Booth

Rhonda
    $800 25
Harvard

Travis
    $800 29
Beowulf

Rhonda
    $800 4
Auckland

Travis
    $1000 11
Columbia

Travis
    $1000 16
Ronco

Triple Stumper
    $1000 21
Juice & Sir Isaac Newton

Travis
    $1000 26
Vietnam

Travis
    $1000 30
(Rhonda: Who is Cromwell?)

Richard III

Rhonda
Triple Stumper
    $1000 5
Dairyland

Rhonda

Scores at the first commercial break (after clue 16):

Travis Lew Rhonda
$7,200 $400 $1,800

Scores at the end of the Jeopardy! Round:

Travis Lew Rhonda
$11,600 $1,000 $2,600

Double Jeopardy! Round responses

SUBMARINE
CLUB
HERO
RAPS
"B-L-T"
(Alex: Each correct response will contain those letters of the alphabet in that order, but not necessarily one after the other.)
SANDWICHES
    $400 1
the pressure

Lew
    $400 4
yacht club

Lew
    $400 21
Doctor Zhivago

Rhonda
    $400 6
Eminem

Travis
    $400 16
bleat

Rhonda
    $400 11
Cheeseburger

Travis
    $800 2
(Lew: What is a nuclear engine?)
....
(Alex: We'll take that!)

nuclear reactor

Lew
    $800 24
acting

Rhonda
    $800 22
"Pride and Prejudice"

Rhonda
    $800 7
Ice Cube

Travis
    $800 17
butterfly net

Lew
    $800 12
sloppy joe

Rhonda
    $1200 3
prisms

Triple Stumper
    $1200 25
(Rhonda: What are alcoholics?)

women

Rhonda
Triple Stumper
    $1200 23
Holden Caulfield

Travis
    $1200 8
scratching

Travis
    $3,400 18
blacklist

Lew
    $1200 13
(Travis: What is coleslaw?)

sauerkraut

TravisRhonda
    $1600 5
rations

Travis
    $1600 28
Rotary Club

Triple Stumper
    $1600 26
(Alex: Less than a minute now.)

Pip

Rhonda
    $1600 9
Dr. Dre

Travis
    $1600 19
blot

Lew
    $1600 14
(Travis: What is an omwich?)

Western/Denver sandwich

Travis
Triple Stumper
    $2000 30
ballast tanks

Rhonda
    $2000 29
The Jockey Club

Triple Stumper
    $4,000 27
(Rhonda: What is "Travels on the Mississippi?")

"A Connecticut Yankee in King Arthur's Court"

Rhonda
    $2000 10
(Alex: You sure know your rap music!)
....
(Travis: I love my rap music!)

"Original Gangster"

Travis
    $2000 20
boatlift

Travis
    $2000 15
muffaletta

Triple Stumper

Scores at the end of the Double Jeopardy! Round:

Travis Lew Rhonda
$20,000 $8,400 $5,400
(lock game)

[wagering suggestions for these scores]

Final Jeopardy! Round responses

THE 1960s
(Alex: The first televised presidential debate.)
...
(Johnny: Travis, as a 5-time Jeopardy! champion, you've also won a car, a Jaguar X-Type, from Rusnak Jaguar in Pasadena!)
...
(Alex: Travis, go home, rest up, and we'll see you in three months for the Tournament of Champions. Three new players tomorrow!)
RhondaWho are were Kennedy (JFK) & Nixon?
$5,000
LewWho are JFK & Richard Nixon
$8,399
TravisWho are John Kennedy & Richard Nixon?
$0
John F. Kennedy & Richard Nixon

Final scores:

Travis Lew Rhonda
$20,000 $16,799 $10,400
5-day champion: $83,100 2nd place: $2,000 3rd place: $1,000

Game dynamics:

Coryat scores:

Travis Lew Rhonda
$18,600 $6,200 $9,400
27 R
(including 1 DD),
2 W
8 R
(including 1 DD),
1 W
14 R,
3 W
(including 1 DD)

Combined Coryat: $34,200

[game clues] [game scores] [suggest correction]

Game tape date: 2002-11-07
The J! Archive is created by fans, for fans. Scraping, republication, monetization, and malicious use prohibited; this site may use cookies and collect identifying information. See terms. The Jeopardy! game show and all elements thereof, including but not limited to copyright and trademark thereto, are the property of Jeopardy Productions, Inc. and are protected under law. This website is not affiliated with, sponsored by, or operated by Jeopardy Productions, Inc. Join the discussion at JBoard.tv.